Praktiky v obchodovaní
Zmeny v pravidlách elektronického obchodovania na Newyorskej burze. Systém obchodovania špecialistov. Úloha registrovaných špecialistov. Prehľad najznámejších firiem - špecialistov. Praktiky špecialistov.
Salvato in:
| Autore principale: | |
|---|---|
| Natura: | Capitolo di libro |
| Lingua: | slovacco |
| Soggetti: | |
| Tags: |
Nessun Tag, puoi essere il primo ad aggiungerne!!
|
MARC
| LEADER | 00000naa$a2200000$$$4500 | ||
|---|---|---|---|
| 001 | 0007555 | ||
| 005 | 20230926070328.8 | ||
| 041 | 0 | |a slo | |
| 044 | |a SK | ||
| 245 | 1 | 0 | |a Praktiky v obchodovaní |c aut. Vladimír Bačišin |
| 520 | |a Zmeny v pravidlách elektronického obchodovania na Newyorskej burze. Systém obchodovania špecialistov. Úloha registrovaných špecialistov. Prehľad najznámejších firiem - špecialistov. Praktiky špecialistov. | ||
| 610 | 2 | 0 | |a burzy |
| 610 | 2 | 0 | |a obchody burzové |
| 610 | 2 | 0 | |a obchod elektronický |
| 610 | 2 | 0 | |a sprostredkovatelia |
| 610 | 2 | 0 | |a likvidita |
| 610 | 2 | 0 | |a makléri |
| 610 | 2 | 0 | |a USA |
| 100 | 1 | |a Bačišin, Vladimír | |